000 00214nam a2200097Ia 4500
008 240331s9999 xx 000 0 und d
082 _bCAR
100 _aCarey, G
245 4 _aThe sun also rises :
_b notes
942 _cL
999 _c3137
_d3137